Every Rookie of the Year NBA - Statistics

General Stats
  • This quiz has been taken 29 times
  • The average score is 25 of 72
Answer Stats
Year Answer % Correct
2003-2004 LeBron James
92%
1984-1985 Michael Jordan
84%
2023-2024 Victor Wembanyama
84%
2007-2008 Kevin Durant
80%
1979-1980 Larry Bird
80%
1991-1992 Larry Johnson
72%
2021-2022 Scottie Barnes
72%
2018-2019 Luka Doncic
68%
1969-1970 Kareem Abdul-Jabbar
64%
2011-2012 Kyrie Irving
64%
1992-1993 Shaquille O'Neal
64%
1997-1998 Tim Duncan
64%
1981-1982 Buck Williams
60%
2019-2020 Ja Morant
60%
2015-2016 Karl-Anthony Towns
60%
2013-2014 Michael Carter-Williams
60%
1996-1997 Allen Iverson
56%
1989-1990 David Robinson
52%
2020-2021 LaMelo Ball
52%
2022-2023 Paolo Banchero
52%
1977-1978 Walt Davis
52%
1959-1960 Wilt Chamberlain
52%
2014-2015 Andrew Wiggins
48%
2017-2018 Ben Simmons
48%
2008-2009 Derrick Rose
48%
1960-1961 Oscar Robertson
48%
2016-2017 Malcolm Brogdon
44%
1985-1986 Patrick Ewing
44%
2010-2011 Blake Griffin
40%
2001-2002 Pau Gasol
40%
2012-2013 Damian Lillard
36%
1998-1999 Vince Carter
36%
1954-1955 Bob Pettit
32%
2005-2006 Chris Paul
32%
1993-1994 Chris Webber
32%
1995-1996 Damon Stoudamire
32%
1994-1995 Jason Kidd & Grant Hill
32%
1972-1973 Bob McAdoo
28%
1958-1959 Elgin Baylor
28%
1987-1988 Mark Jackson
28%
2000-2001 Mike Miller
28%
2004-2005 Emeka Okafor
24%
1968-1969 Wes Unseld
24%
1965-1966 Rick Barry
20%
2009-2010 Tyreke Evans
20%
1976-1977 Adrian Dantley
16%
2006-2007 Brandon Roy
16%
1966-1967 Dave Bing
16%
1999-2000 Steve Francis & Elton Brand
16%
1964-1965 Willis Reed
16%
2002-2003 Amar'e Stoudamire
12%
1986-1987 Chuck Person
12%
1970-1971 David Cowens & Geoff Petrie
12%
1990-1991 Derrick Coleman
12%
1967-1968 Earl Monroe
12%
1983-1984 Ralph Sampson
12%
1956-1957 Tommy Heinsohn
12%
1961-1962 Walt Bellamy
12%
1975-1976 Alvan Adams
8%
1980-1981 Darrell Griffith
8%
1973-1974 Ernie Digregorio
8%
1974-1975 Jamaal Wilkes
8%
1963-1964 Jerry Lucas
8%
1955-1956 Maurice Stokes
8%
1978-1979 Phil Ford
8%
1953-1954 Raymond Felix
8%
1971-1972 Sidney Wicks
8%
1982-1983 Terry Cummings
8%
1957-1958 Woody Sauldsberry
8%
1988-1989 Mitch Richmond
4%
1962-1963 Terry Dischinger
4%
1952-1953 William Melchionni
0%
No matching quizzes found
Score Distribution
Percent of People with Each Score
Percentile by Number Answered
Your Score History
You have not taken this quiz